000
00343nam a2200145Ia 4500
008
220204s9999 xx 000 0 und d
082
_a
591.8(084.4)
_b
FRE
100
_a
Bracegirdug, Brian
245
0
_a
Atlas of histology
250
_a
Ed.2
260
_a
London
_b
ELBS
_c
1966
650
_a
Histology
700
_a
Freeman, W H
942
_c
BK
999
_c
23777
_d
23777